Les 10 animaux les plus mortels pour l'homme - Statistiques

Statistiques générales
  • Ce quiz a été pris 2 319 fois
  • Le résultat moyen est 2 sur 10
Statistiques - réponses
Hint Extra Hint Explanation Réponse % Correct
1 env. 1 000 000 de morts Moustique
55%
2 env. 475 000 meurtres Homme
29%
7 mollusque env. 9999 morts Escargot d'eau douce
26%
5 env. 10000 morts Mouche tsé-tsé
24%
3 env. 50000 morts Serpent
24%
9 parasite env. 2500 morts Ascaris
20%
10 parasite env. 2000 morts Cestode
20%
4 env. 25000 morts Chien
18%
8 env. 3250 morts Scorpion
14%
6 insecte env. 10000 morts Réduve
11%
Aucun quiz correspondant
Distribution des résultats
% des personnes avec chaque résultat
Percentile par nombre de réponses
Votre historique - résultats
Vous n’avez pas pris ce quiz